Normal view
MARC view
- Richard Bronson
Entry Personal Name
001 - CONTROL NUMBER
- control field: 1218
003 - CONTROL NUMBER IDENTIFIER
- control field: NUST
005 - DATE AND TIME OF LATEST TRANSACTION
- control field: 20170519130045.0
008 - FIXED-LENGTH DATA ELEMENTS
- fixed length control field: 170519|| aca||aabn | a|a d
040 ## - CATALOGING SOURCE
- Original cataloging agency: NUST
- Transcribing agency: NUST
100 ## - HEADING--PERSONAL NAME
- Personal name: Richard Bronson
670 ## - SOURCE DATA FOUND
- Source citation: Work cat.: (NUST)24139: Richard Bronson, Schaum's outlines operations Research, c1997.
